[Event "Merida Torre Memorial 34th"]
[Site "Merida"]
[Date "2024.12.18"]
[Round "9"]
[White "Zubia Portillo, Manuel Alejandro"]
[Black "Rodriguez Arrieta, Maria Elena"]
[Result "1-0"]
[WhiteElo "1920"]
[BlackElo "1971"]
[PlyCount "67"]
[EventDate "2024.12.13"]
[EventType "swiss"]
[EventRounds "9"]
[EventCountry "MEX"]
[SourceTitle "CB52_2024"]
[SourceDate "2024.12.25"]
[SourceVersion "1"]
[SourceVersionDate "2024.12.25"]
[SourceQuality "1"]

1. d4 Nf6 2. Bf4 e6 3. e3 c5 4. Nd2 b6 5. Nc4 d5 6. Ne5 Bb7 7. c3 Nbd7 8. Bb5 a6 9. Nxd7 Nxd7 10. Bd3 Be7 11. Nf3 0-0 12. h4 Nf6 13. Ne5 b5 14. g4 b4 15. g5 Nd7 16. Qh5 f5 17. g6 Nf6 18. gxh7+ Nxh7 19. Rg1 bxc3 20. bxc3 Bf6 21. Rb1 Bc8 22. Ng4 Qa5 23. Rc1 cxd4 24. Nxf6+ Nxf6 25. Qg6 Rf7 26. exd4 Qxa2 27. Rc2 Qb1+ 28. Ke2 Qb7 29. h5 Bd7 30. Be5 Ng4 31. Rxg4 fxg4 32. Qh7+ Kf8 33. Bd6+ Re7 34. Bg6 1-0

[Event "Merida Torre Memorial 34th"]
[Site "Merida"]
[Date "2024.12.17"]
[Round "8"]
[White "Diaz Charpentier, Kristel Melissa"]
[Black "Zubia Portillo, Manuel Alejandro"]
[Result "1-0"]
[WhiteElo "2030"]
[BlackElo "1920"]
[PlyCount "111"]
[EventDate "2024.12.13"]
[EventType "swiss"]
[EventRounds "9"]
[EventCountry "MEX"]
[SourceTitle "CB52_2024"]
[SourceDate "2024.12.25"]
[SourceVersion "1"]
[SourceVersionDate "2024.12.25"]
[SourceQuality "1"]

1. d4 d5 2. c4 c6 3. Nf3 Nf6 4. Nc3 g6 5. e3 Bg7 6. Be2 0-0 7. 0-0 e6 8. b3 Re8 9. Bb2 b6 10. Qc2 Nbd7 11. Rad1 Bb7 12. e4 dxe4 13. Ng5 Qc7 14. Ngxe4 Nxe4 15. Nxe4 c5 16. Ba1 Qf4 17. f3 cxd4 18. g3 Qe3+ 19. Kg2 Bxe4 20. fxe4 Nc5 21. b4 d3 22. Bxd3 Nxd3 23. Qxd3 Qxd3 24. Rxd3 Red8 25. Rxd8+ Rxd8 26. Bxg7 Kxg7 27. Rc1 Kf6 28. Kf3 Ke5 29. c5 Rd3+ 30. Ke2 Rd4 31. c6 Rd8 32. Ke3 g5 33. b5 h5 34. a4 f5 35. exf5 exf5 36. a5 bxa5 37. Ra1 Kd6 38. Rxa5 Re8+ 39. Kd3 Re7 40. Ra4 Kc5 41. Rc4+ Kb6 42. Kd4 Re4+ 43. Kd5 Rxc4 44. Kxc4 a6 45. bxa6 Kxc6 46. Kd4 h4 47. gxh4 gxh4 48. Ke5 Kb6 49. Kxf5 h3 50. Kg4 Kxa6 51. Kxh3 Kb7 52. Kg4 Kc6 53. Kf5 Kd7 54. Kf6 Ke8 55. Kg7 Ke7 56. h4 1-0